Corvids of North America (ABA area) - Statistics

General Stats
  • This quiz has been taken 11 times
  • The average score is 10 of 21
Answer Stats
Answer % Correct
American Crow
100%
Black-billed Magpie
57%
Blue Jay
57%
California Scrub-Jay
57%
Canada Jay
57%
Chihuahuan Raven
57%
Clark's Nutcracker
57%
Common Raven
57%
Fish Crow
57%
Florida Scrub-Jay
57%
Brown Jay
43%
Island Scrub-Jay
43%
Mexican Jay
43%
Pinyon Jay
43%
Steller's Jay
43%
Woodhouse's Scrub-Jay
43%
Yellow-billed Magpie
43%
Green Jay
29%
Hawaiian Crow
29%
Tamaulipas Crow
29%
Eurasian Jackdaw
14%
No matching quizzes found
Score Distribution
Percent of People with Each Score
Percentile by Number Answered
Your Score History
You have not taken this quiz